00663nam a2200217 a 450000100060000000300080000600500170001400800390003102000170007003500190008704000320010604100080013808200220014610000210016824500800018926000450026930000270031450400510034165000330039270000200042519990BD-RjUL20211209000516.0821005s1981 ii b 001 0 eng a0195613503 : a(BD-RjUL)20051 aDLCcDLCdDLCdBD-RjULbeng aeng00a331.0954219bRAI1 aRamaswamy, E. A.10aIndustry and labour :ban introduction /cE.A. Ramaswamy and Uma Ramaswamy. aDelhi :bOxford University Press,c1981. aviii, 284 p. ;c23 cm. aIncludes bibliographical references and index. 0aIndustrial relationszIndia.1 aRamaswamy, Uma.